000 00728nam a2200253Ia 4500
003 OSt
005 20220928121421.0
006 a|||||r|||| 00| 0
007 ta
008 220927b |||||||| |||| 00| 0 eng d
020 _c800
024 _a124744
037 _b180, 01/10/2014, Vidyanidhi Prakashan
_cTextual
040 _aSDCL
_cSDCL
_beng
041 _2eng
_aeng
082 _aR66x1:9, Q3
100 _aCoelho Ivo Ed.
_9411321
245 0 _aUnderstanding sankara
260 _aDelhi
_bM.B Publishers Pvt.Ltd
_c2013
300 _axii;525p
_ccm.
650 _aSanskrit
_9391587
942 _hR66x1:9, Q3
_cTEXL
_2CC
999 _c766118
_d766118